000 00459nam a2200157 4500
001 114182
003 ES-MaACL
005 20230906190108.0
007 t|
008 061121s1971 sp r ||||1| spa d
100 1 _aPalomino Gutiérrez, Rafael.
_988699
245 1 0 _aFidelidad
_b: antología poética /
_cRafael Palomino Gutiérrez.
260 _aJaen :
_bUnión Tipográfica,
_c1971.
300 _a62 p. ;
_c18 cm.
852 _aES-MaACL
_jC-41621
_bR.80008
999 _c114182
_d114182